01073cam a2200301 a 450000100100000000500170001000800410002704000290006805000250009708200260012224501080014826000340025630000200029065000670031070000190037770000250039670000220042170000200044370000260046370000280048970000210051770000180053870000280055670000220058470000260060671001130063271000260074500001358120200929163257.0840613s1975 ve 000 0 spa  aDO-SdBNPbspacLCdBNPHU00aHD9574.V42bN32 1975 a338.2/7282/0987bN12400aNacionalización sin empresas mixtas :blos estudiantes en el Parlamento /cAlexis Ortiz ... [et al.]. a[Caracas] :bFREUCV,c[1975]. a94 p. ;c21 cm. 0aPetroleum industry and tradexGovernment ownershipzVenezuela.1 aOrtiz, Alexis.1 aMalave Mata, Hector.1 aArmas, Celestino.1 aPinto, Eleazar.1 aMartínez, Siuberto.1 aFuentes Serrano, Julio.1 aVivas, Leonardo.1 aAlesi, Baldo.1 aLópez, Hector Alonso.1 aAstudillo, Cosme.1 aEcheverria, Raimundo.1 aVenezuela.bCongreso de la República.bCamara de Diputados.bComision Permanente de Minas e Hidrocarburos.2 aFREUCV (Organization)